|
|
|
|
| LEADER |
00000nam0a2200000 4500 |
| 001 |
103663 |
| 005 |
20231031113729.0 |
| 010 |
|
|
|a 5962601327
|
| 035 |
|
|
|a (RuTPU)RU\TPU\book\111758
|
| 090 |
|
|
|a 103663
|
| 100 |
|
|
|a 20061020d2007 m y0rusy50 ca
|
| 101 |
1 |
|
|a rus
|c eng
|
| 102 |
|
|
|a RU
|
| 105 |
|
|
|a y z 000ay
|
| 200 |
1 |
|
|a Deadline. Роман об управлении проектами
|e пер. с англ.
|f Т. ДеМарко
|
| 210 |
|
|
|a Москва
|c Вершина
|d 2007
|
| 215 |
|
|
|a 288 с.
|
| 225 |
1 |
|
|a Актуальность. Компетентность. Достоверность
|
| 330 |
|
|
|a Возможно, встречаются еще менеджеры, которые полагают, что управление — это собрания, программы обучения и повышения качества продукции и разнообразные отчеты. Однако в наше время стало очевидным, что управление проектами — это прежде всего работа с людьми. Как выбрать из множества кандидатов нужного вам человека? Каково оптимальное число людей в команде на разных этапах проекта? Как можно оптимизировать работу, если перед вами поставлены жесткие сроки? Как определять и решать конфликты? Как уволить человека, не обидев его? Какими качествами должен обладать хороший руководитель? Обо всем этом вы узнаете из данной книги, которая к тому же представляет собой не сухой научный труд, а... увлекательный приключенческий роман!
|
| 610 |
1 |
|
|a американская литература
|
| 610 |
1 |
|
|a романы
|
| 610 |
1 |
|
|a бизнес
|
| 610 |
1 |
|
|a менеджмент
|
| 610 |
1 |
|
|a управление
|
| 610 |
1 |
|
|a проекты
|
| 610 |
1 |
|
|a проектный менеджмент
|
| 675 |
|
|
|a 82
|v 3
|
| 700 |
|
1 |
|a ДеМарко
|b Т.
|g Том
|
| 801 |
|
1 |
|a RU
|b 63413507
|c 20061020
|g PSBO
|
| 801 |
|
2 |
|a RU
|b 63413507
|c 20130610
|g PSBO
|
| 900 |
|
|
|a Управление проектами
|
| 942 |
|
|
|c BK
|
| 959 |
|
|
|a 89/20061012
|d 1
|e 349,69
|f ЧЗГЛ:1
|